01363 a2200193 4500003000500000005001700005010001600022020001500038040000900053082001700062245005200079260009400131300003300225440004300258505077400301650003501075700001801110710004101128Nust20220812123933.0 a 86124401 a0863410480 cNust a621.3813,MIC00aMicrowave measurement /cedited by A.E. Bailey. aLondon, UK :bP. Peregrinus on behalf of the Institution of Electrical Engineers,cc1985. axi, 460 p. :bill. ;c24 cm. 0aIEE electrical measurement series ;v3 aTransmission Lines (Page-1), Scattering Coefficients (Page-17), Circuits analysis (Page-48), Modern Lines (Page-60), Reflection and Matching (Page-71), Detector and Detection for measurement (Page-91), Power Measurement (Page-102), Attenuation Measurement (Page-129), Microwave Network analysis (Page-170), Noise Measurement (Page-195), Sampling Principle (Page-223), Sampling System (Page-239),Spectrum Analysis (Page-264), Swept and Stepped Frequency (Page-284), Analog system (Page-300), Digital System (Page-324), Measurement on Active device (Page-362), Antenna Measurement (Page-375), Power Flux Density Measurement (Page-388), Automation in microwave (Page-402), Uncertainty and Confidence in measurement (Page-418), Who Makes Measurement And Why? (Page-418), 0aTelecommunication Engineering.1 aBailey, A. E.2 aInstitution of Electrical Engineers.